000
00225nam a22000857a 4500
008
170128b xxu||||| |||| 00| 0 eng d
100
_9
2621
_a
Laxmi pulication
245
_a
English Comunication T.P X
260
_a
New delhi
_b
CBT
_c
2006
999
_c
5763
_d
5763